000 00488nam a2200181Ia 4500
001 4355
005 20260306145749.0
008 260306t2001||||xx |||||||||||||| ||spa||
041 _aESP
082 _a320.985
_bD45
100 _aDegregori, Carlos Iván
_eAUT
245 0 _aLa década de la antipolítica:
_bauge y huida de Alberto Fujimori y Vladimiro Montesinos
260 _c2001
300 _a350 páginas :
_c24 cm.
650 _aGEN
654 _aCDE
942 _cLIB
_dJUS
_fJUS
_2ddc
_n
999 _c4355
_d4355